000 00860nab a2200253uu 4500
001 14345
003 HDC
007 cr aa aaaau
008 210214p2017 ||||| |||| 00| 0 eng d
040 _aHDC
245 0 _aHow to Conduct Research on Your Farm or Ranch
260 _a[no place] :
_b[publisher not identified]
_c2017
300 _a1 online resource (12 pages )
336 _atext
_2rdacontent
337 _acomputer
_2rdamedia
338 _aonline resource
_2rdacarrier
650 _aAgriculture
_91238
650 _aLivestock farmer
_914916
710 _aDivision of Agricultural Sciences and Natural Resources
856 _zRequest full-text at [email protected]
942 _2lcc
942 _cAR
942 _kJART 003399
999 _c11661
_d11661